000 00545cam a2200193 4500500
005 20260405001755.0
041 _afre
042 _adc
100 1 0 _aNathan, Tobie
_eauthor
700 1 0 _aNathan, Tobie
_eauthor
245 0 0 _a‘Eïn
260 _c2014.
500 _a93
690 _a‘Eïn
690 _aSort
690 _aTobie Nathan
786 0 _nPhilosophie magazine | 81 | 7 | 2014-07-01 | p. 40-40 | 1951-1787
856 4 1 _uhttps://shs.cairn.info/magazine-philosophie-magazine-2014-7-page-40?lang=fr&redirect-ssocas=7080
999 _c2050970
_d2050970